| 000 | 01100cam a22003135a 4500 | ||
|---|---|---|---|
| 001 | 014669560 | ||
| 003 | OSt | ||
| 005 | 20150611121221.0 | ||
| 008 | 080708s2008 enkadk frb 001 0 eng d | ||
| 020 | _a9781848443136 (pbk.) | ||
| 020 | _a9781845422110 (cased) | ||
| 040 |
_aStDuBDS _beng _cStDuBDS _dEG-ScBUE |
||
| 082 | 0 | 4 |
_a338.642072 _bINN _222 |
| 245 | 0 | 0 |
_aInnovative methodologies in enterprise research / _cedited by Damian Hine, David Carson. |
| 260 |
_aCheltenham ; _aNorthampton : _bEdward Elgar Publishing Limited, _c2008. |
||
| 300 |
_axii, 323 p. : _bcharts, forms, tables ; _c24 cm. |
||
| 500 | _aOriginally published : 2007. | ||
| 500 | _aIndex : p. 321-323. | ||
| 504 | _aIncludes bibliographical references. | ||
| 650 | 0 |
_aSmall business _xResearch. _2BUEsh |
|
| 650 | 0 |
_aEntrepreneurship _xResearch. _2BUEsh |
|
| 650 | 0 |
_aSmall business _xTechnological innovations. _2BUEsh |
|
| 651 | _2BUEsh | ||
| 653 |
_bBUSADM _cJune2015 |
||
| 655 |
_vreading book _934232 |
||
| 700 | 1 |
_aHine, Damian., _eeditor. |
|
| 700 | 1 |
_aCarson, David, _d1947- _eeditor. |
|
| 942 |
_2ddc _k338.642072 INN |
||
| 999 |
_c19443 _d19415 |
||